000 00632nam a2200217Ii 4500
001 15192
003 CO-ViMGA
008 241108s9999||||xx |||||||||||||| ||und||
020 _a9589181651
040 _aCO-ViMGA
_bspa
_erda
_cCO-ViMGA
041 0 _aspa
082 0 4 _a618.9221 L31p
100 1 _aFrancisco Javier Leal Quevedo
_946982
245 1 0 _aPlata Rueda el pediatra eficiente
264 1 _aBogotá, Colombia : Panamericana, 2002
300 _avolumen
336 _atext
_btxt
_2rdacontent
337 _aunmediated
_bn
_2rdamedia
338 _avolume
_bnc
_2rdacarrier
940 _aidficha_siabuc: 14879. -- ficha_no_siabuc:15192
999 _c41561
_d41561